000 00467nam a2200181Ia 4500
001 19911
005 20260306172727.0
008 260306t2014||||xx |||||||||||||| ||spa||
041 _aESP
082 _a341.4
_bH411
100 _aHaba, Enrique P. ...[et. al.]
_eAUT
245 0 _aUn debate sobre las teorías de la argumentación jurídica
260 _c2014
300 _a444 páginas :
_c20 cm.
650 _aGEN
654 _aCDE
942 _cLIB
_dJUS
_fJUS
_2ddc
_n
999 _c19911
_d19911